Adoption of improved planting materials in rubber smallholdings : An analysis (Record no. 53834)

MARC details
000 -LEADER
fixed length control field 00370nam a2200133Ia 4500
100 ## - MAIN ENTRY--AUTHOR NAME
Personal name Ipe C V
245 #0 - TITLE STATEMENT
Title Adoption of improved planting materials in rubber smallholdings : An analysis
260 ## - PUBLICATION, DISTRIBUTION, ETC. (IMPRINT)
Name of publisher Rubber Board Bulletin
Year of publication 1988
300 ## - PHYSICAL DESCRIPTION
Number of Pages 12-Sep
650 ## - SUBJECT ADDED ENTRY--TOPICAL TERM
Topical Term Smallholdings
700 ## - ADDED ENTRY--PERSONAL NAME
Personal name Haridasan V
942 ## - ADDED ENTRY ELEMENTS (KOHA)
Koha item type Journals
Holdings
Withdrawn status Lost status Damaged status Not for loan Home library Current library Shelving location Date acquired Serial Enumeration / chronology Koha item type
      Journals RRII Library RRII Library Agricultural economics 17/12/2021 Volume 23, Issue 3 Journals